000 00735nam a2200241Ia 4500
003 OSt
005 20220925182500.0
006 a|||||r|||| 00| 0
007 ta
008 220923b |||||||| |||| 00| 0 eng d
037 _cGeneral Book
040 _aRTL
_cRTL
_beng
041 _2eng
_aeng
082 _aX9(J):(D2).44Q72, L6/Q7
100 _aMian Shajahan N
_9256502
245 0 _aProblems and prospects of power pump irrigation in
260 _aComilla
_bB A R D
_c1976
300 _a23p.
_ccm.
490 _aBangladesh Avcademy for rural development Publication
650 _aAgriculture Labour
942 _hX9(J):(D2).44Q72, L6/Q7
_cGB
_2CC
999 _c502363
_d502363